00650cam0a220021700 4500001001200000008004100012010001600053035001900069035002100088035002200109050002000131082001400151100003300165245006000198250001100258260004700269504002900316650003200345650004900377004000600426lce00602672710924s1967 nyua b 000 0 eng  a 67013941 a(Sirsi) r87064 a(DLC) 67013941 a(UPRA)lce006026720 aQD506b.A3 1967 a541/.34531 aAdamson, Arthur W.6A46507.110aPhysical chemistry of surfacesc[by] Arthur W. Adamson. a2d ed. aNew York,bInterscience Publishersc[1967] aIncludes bibliographies. 0aSurface chemistry.6S7006.1 0aChemistry, Physical and theoretical.6S517.187064